| 000 | 01392cam a2200337 a 4500 | ||
|---|---|---|---|
| 001 | 14146987 | ||
| 005 | 20201128013431.0 | ||
| 008 | 051019s2006enka es 000 0 eng d | ||
| 010 | _a 2005283162 | ||
| 020 | _a9780521673174 | ||
| 020 | _a0521673178 | ||
| 035 | _a(OCoLC)ocm61808524 | ||
| 040 |
_aCU3SL _cCU3SL _dDLC _dDLC |
||
| 050 | 0 | 0 |
_aPE1128 _b.F23 2005 |
| 082 | 0 | 0 |
_a428.24 _222 _bTIM |
| 245 | 0 | 0 |
_aFace2face : _bElementary and Pre- intermediate DVD / _cNicholas Tims [et. al.]. |
| 246 | 3 | _aFace to face | |
| 260 |
_aCambridge ; _aNew York : _bCambridge University Press,2006 _cc2006. |
||
| 300 |
_a1 videodisc (DVD) : _bsd., col. ; _c4 3/4 in. + _ebooklet (23 p. ; 18 cm.) |
||
| 538 | _aAccompanying CD-ROMs / Audio CD for Windows 98 SE, NT4, ME, 2000, XP. | ||
| 650 | 0 |
_aEnglish language _913781 |
|
| 650 | 0 |
_aEnglish language _xGrammar _vProblems, exercises, etc. _913782 |
|
| 650 | 0 |
_aEnglish language _913783 |
|
| 650 | 0 |
_aVocabulary _913784 |
|
| 650 | 0 |
_aListening _913785 |
|
| 700 |
_9503 _aTims, Nicholas |
||
| 856 | 4 | 2 |
_3Publisher description _uhttp://www.loc.gov/catdir/enhancements/fy0632/2005283162-d.html |
| 942 |
_2ddc _cDVD |
||
| 999 |
_c10212 _d10212 |
||